[Event "AUTO-OPEN-355"]
[Site "http://www.queenalice.com/game.php?id=180255"]
[Date "2007.3.11"]
[Round "2"]
[White "BaronFel"]
[Black "Yunta"]
[Result "1-0"]
[WhiteElo "2077"]
[BlackElo "1652"]

1. e4 e5 2. Nf3 Nc6 3. Bb5 Qf6 4. O-O h5 5. Nc3 h4 6. Nd5 Qd6 7. d4 h3 8. g3 a6
9. dxe5 Nxe5 10. Nxe5 Qxe5 11. Bf4 Qxb2 12. Nxc7+ Kd8 13. Qd5 Qc3 14. Qxf7 Nf6
15. Ne6+ dxe6 16. Rfd1+ Nd5 17. Qe8# 1-0

[Event "AUTO-OPEN-355"]
[Site "http://www.queenalice.com/game.php?id=180260"]
[Date "2007.3.11"]
[Round "2"]
[White "BaronFel"]
[Black "ivantratz"]
[Result "1-0"]
[WhiteElo "2095"]
[BlackElo "1820"]

1. e4 e5 2. Nf3 Nc6 3. Bb5 Nge7 4. O-O a6 5. Ba4 b5 6. Bb3 d5 7. d3 h6 8. c3 Bg4
9. exd5 Nxd5 10. Re1 Be7 11. c4 Ndb4 12. h3 Bxf3 13. Qxf3 Nd4 14. Qd1 Nxb3 15.
Qxb3 Nxd3 16. Rd1 e4 17. cxb5 Qd4 18. Be3 Qxb2 19. Nd2 axb5 20. Nxe4 Qxb3 21.
axb3 Rxa1 22. Rxa1 O-O 23. Ra7 Rc8 24. g4 g5 25. Kf1 Kf8 26. Rb7 c6 27. Ke2 Rd8
28. Rc7 Ne5 29. f4 gxf4 30. Bxf4 f6 31. Bxh6+ Kf7 32. Ng3 Ke8 33. Nf5 Rd7 34.
Rc8+ Bd8 35. Bf4 Rc7 36. Ra8 Rd7 37. Bxe5 fxe5 38. h4 Kf7 39. h5 Bg5 40. Rc8
Rd2+ 41. Ke1 Rc2 42. h6 Kg6 43. Rg8+ 1-0

[Event "AUTO-OPEN-355"]
[Site "http://www.queenalice.com/game.php?id=180261"]
[Date "2007.3.11"]
[Round "2"]
[White "ivantratz"]
[Black "BaronFel"]
[Result "1-0"]
[WhiteElo "1856"]
[BlackElo "2043"]

1. e4 e5 2. Nf3 Nc6 3. Bb5 a6 4. Bxc6 dxc6 5. d3 Bd6 6. h3 Nf6 7. O-O O-O 8.
Nbd2 Be6 9. Re1 Nd7 10. c3 Qf6 11. Nb3 Be7 12. Bg5 Bxb3 13. Qxb3 Nc5 14. Bxf6
Nxb3 15. Bxe7 Nxa1 16. Bxf8 Rxf8 17. Rxa1 Re8 18. b4 f6 19. a4 Kf8 20. d4 exd4
21. Nxd4 Rxe4 22. b5 c5 23. Nb3 axb5 24. axb5 Rc4 25. Rc1 b6 26. Nd2 Ra4 27. c4
Ke7 28. Re1+ Kd6 29. Ne4+ Kd7 30. Rd1+ Ke6 31. Re1 Kd7 32. Nd2 Kd6 33. f4 c6 34.
bxc6 Kxc6 35. Re6+ Kc7 36. Re7+ Kc6 37. Rxg7 Ra2 38. Nf3 Ra4 39. Rxh7 Rxc4 40.
f5 Rf4 41. h4 Rxf5 42. h5 Kd5 43. h6 Ke6 44. Nh4 Rh5 45. Ng6 1-0

[Event "QA-ANNIV-02"]
[Site "http://www.queenalice.com/game.php?id=183834"]
[Date "2007.3.17"]
[Round "6"]
[White "BaronFel"]
[Black "togoychess"]
[Result "1/2-1/2"]
[WhiteElo "2086"]
[BlackElo "2050"]

1. e4 e6 2. d4 d5 3. Nc3 dxe4 4. Nxe4 Bd7 5. Nf3 Bc6 6. Bd3 Nd7 7. O-O Ngf6 8.
Qe2 Nxe4 9. Bxe4 Bxe4 10. Qxe4 c6 11. c4 Nf6 12. Qe2 Be7 13. Bg5 O-O 14. Rfd1
Qc7 15. a3 Rfe8 16. Ne5 Nd7 17. Bxe7 Rxe7 18. Nxd7 Rxd7 1/2-1/2

[Event "AUTO-OPEN-446"]
[Site "http://www.queenalice.com/game.php?id=188526"]
[Date "2007.3.27"]
[Round "2"]
[White "BaronFel"]
[Black "Kappat"]
[Result "0-1"]
[WhiteElo "2093"]
[BlackElo "1853"]

1. e4 e5 2. Nf3 Nf6 3. Nxe5 d6 4. Nf3 Nxe4 5. d4 d5 6. Bd3 Be7 7. O-O Nc6 8. Re1
Bg4 9. c4 Nf6 10. cxd5 Nxd5 11. Nc3 O-O 12. Nxd5 Qxd5 13. Be4 Qd7 14. Bxc6 bxc6
15. Ne5 Bxd1 16. Nxd7 Bg4 17. Rxe7 Rfe8 18. Rxe8+ Rxe8 19. Ne5 f6 20. h3 fxe5
21. hxg4 exd4 22. Bf4 Re7 23. Kf1 Kf7 24. Rc1 d3 25. Rxc6 Ke8 26. Rxc7 Kd8 0-1

[Event "AUTO-OPEN-446"]
[Site "http://www.queenalice.com/game.php?id=188527"]
[Date "2007.3.27"]
[Round "2"]
[White "Kappat"]
[Black "BaronFel"]
[Result "1-0"]
[WhiteElo "1879"]
[BlackElo "2067"]

1. d4 Nf6 2. c4 e6 3. Nc3 Bb4 4. e3 d6 5. Nf3 b6 6. Qa4+ Nc6 7. d5 O-O 8. dxc6
Bxc3+ 9. bxc3 e5 10. Be2 Ne4 11. Qc2 f5 12. Nd2 Nxd2 13. Qxd2 Be6 14. Qc2 Qe8
15. Qa4 Rf6 16. Ba3 Qg6 17. g3 f4 18. exf4 exf4 19. O-O f3 20. Bd1 Qf5 21. Qb5
Qh3 22. Bxf3 Rxf3 23. Bxd6 cxd6 24. c7 Rf7 25. Qc6 1-0

[Event "AUTO-ADV-329"]
[Site "http://www.queenalice.com/game.php?id=203782"]
[Date "2007.4.29"]
[Round "2"]
[White "tratrax"]
[Black "BaronFel"]
[Result "1-0"]
[WhiteElo "1746"]
[BlackElo "1931"]

1. d4 Nf6 2. Nf3 e6 3. Bg5 h6 4. Bh4 d5 5. e3 Nc6 6. a3 Be7 7. c4 O-O 8. Nc3 Ne4
9. Bxe7 Nxe7 10. Bd3 Nxc3 11. bxc3 b6 12. O-O dxc4 13. Bxc4 Bb7 14. Bb3 Nd5 15.
Qc2 Nxc3 16. Qxc3 Rc8 17. Rad1 Qf6 18. Ne5 1-0

[Event "AUTO-ADV-329"]
[Site "http://www.queenalice.com/game.php?id=203783"]
[Date "2007.4.29"]
[Round "2"]
[White "BaronFel"]
[Black "tratrax"]
[Result "1-0"]
[WhiteElo "2091"]
[BlackElo "1748"]

1. e4 c6 2. d4 d5 3. Nc3 dxe4 4. Nxe4 g6 5. Nf3 Bg7 6. Bc4 Nh6 7. Bf4 O-O 8. Qd2
Nf5 9. O-O-O Qb6 10. c3 Nd7 11. g4 Nd6 12. Nxd6 exd6 13. Bxd6 Re8 14. Rhe1 Nf6
15. g5 Rxe1 16. Rxe1 Nd5 17. Re8+ 1-0

[Event "AUTO-ADV-329"]
[Site "http://www.queenalice.com/game.php?id=203784"]
[Date "2007.4.29"]
[Round "2"]
[White "rubenov"]
[Black "BaronFel"]
[Result "0-1"]
[WhiteElo "1849"]
[BlackElo "2089"]

1. d4 Nf6 2. Nc3 d5 3. Bg5 Nbd7 4. e3 Ne4 5. Nxe4 dxe4 6. Ne2 h6 7. Bh4 Nf6 8.
Nc3 Bf5 9. Bxf6 exf6 10. Bb5+ c6 11. Ba4 Qc7 12. O-O O-O-O 13. Ne2 Bd6 14. h3 g5
15. c4 g4 16. h4 Be6 17. g3 Bxc4 18. Nc3 Bxf1 0-1

[Event "AUTO-ADV-329"]
[Site "http://www.queenalice.com/game.php?id=203785"]
[Date "2007.4.29"]
[Round "2"]
[White "BaronFel"]
[Black "rubenov"]
[Result "1-0"]
[WhiteElo "2079"]
[BlackElo "1888"]

1. e4 e5 2. Nf3 d6 3. Nc3 Nf6 4. Bc4 h6 5. d3 Bg4 6. Be3 Nbd7 7. Qe2 Be7 8. h3
Bh5 9. g4 Bg6 10. Nh4 Nxe4 11. Nxg6 Nxc3 12. Qf3 d5 13. Nxh8 1-0

[Event "QA-ANNIV-02"]
[Site "http://www.queenalice.com/game.php?id=210957"]
[Date "2007.5.14"]
[Round "7"]
[White "adlerburg"]
[Black "BaronFel"]
[Result "0-1"]
[WhiteElo "1721"]
[BlackElo "2087"]

1. e4 e5 2. c4 Nf6 3. Nc3 Bc5 4. Nf3 Nc6 5. d3 Ng4 6. Be3 Nxe3 7. fxe3 Bxe3 8.
Nd5 Bc5 9. a3 O-O 10. b4 Bd4 11. Nxd4 Nxd4 12. Be2 c6 13. Ne3 Qg5 14. Ng4 d5 15.
h4 Qg6 16. O-O Nxe2+ 0-1